000 00549nam a2200193 a 4500
001 1777027203352
003 YourLibrary
005 20260424161207.0
008 260424s2001##################000#0#eng##
020 _a9780195138610
082 0 4 _a345.0772TON
100 1 _aTonry, Michael H.,
_eauthor.
245 1 0 _aSentencing and Sanctions in Western Countries :
260 _bOxford University Press, USA,
_c2001.
300 _a450 pages
650 0 _aLanguage Arts & Disciplines.
942 _cENGLISH
040 _aYourLibrary
_beng
_cYourLibrary
999 _c619842
_d619842